[Event "GER-ch Rapid Women 2017"]
[Site "Erfurt"]
[Date "2017.07.29"]
[Round "2"]
[White "Muetsch, Annmarie"]
[Black "Michna, Marta"]
[Result "1/2-1/2"]
[WhiteElo "2049"]
[BlackElo "2377"]
[Annotator "NA"]
[PlyCount "93"]
[EventDate "2017.??.??"]
[EventType "swiss"]
[EventCountry "GER"]
[SourceTitle "playchess.com"]
[Source "ChessBase"]
[SourceQuality "1"]
[TimeControl "1200"]

1. e4 {[%emt 0:00:02]} d6 {[%emt 0:00:01]} 2. d4 {[%emt 0:00:02]} Nf6 {[%emt 0:00:01]} 3. Nc3 {[%emt 0:00:01]} Nc6 {[%emt 0:00:01]} 4. Nf3 {[%emt 0:00:04]} Bg4 {[%emt 0:00:11]} 5. Be2 {[%emt 0:00:09]} e5 $14 {[%emt 0:00:23] LiveBook: 43 Games} 6. d5 {[%emt 0:00:45]} Nb8 {[%emt 0:01:13]} 7. h3 {[%emt 0:00:27]} Bxf3 {[%emt 0:00:10]} 8. Bxf3 {[%emt 0:00:02]} Be7 {[%emt 0:00:03]} 9. O-O {[%emt 0:00:10]} O-O {[%emt 0:00:02]} 10. Ne2 {[%emt 0:00:21]} c6 {[%emt 0:00:07]} 11. c4 {[%emt 0:00:29]} a5 {[%emt 0:00:37]} 12. Ng3 {[%emt 0:00:22]} g6 {[%emt 0:00:02]} 13. Bh6 {[%emt 0:02:56]} Re8 {[%emt 0:00:01]} 14. Qd2 {[%emt 0:00:05]} Kh8 {[%emt 0:00:36]} 15. h4 {[%emt 0:00:59]} Na6 {[%emt 0:02:42]} 16. h5 {[%emt 0:01:05]} Nc5 {[%emt 0:00:46]} 17. b3 {[%emt 0:00:35]} b5 {[%emt 0:00:56]} 18. Rac1 {[%emt 0:01:27]} b4 {[%emt 0:00:39]} 19. Be3 {[%emt 0:00:43]} Qb6 {[%emt 0:00:02]} 20. Rb1 {[%emt 0:02:20]} Rg8 {[%emt 0:00:26]} 21. hxg6 {[%emt 0:00:18]} fxg6 {[%emt 0:00:20]} 22. Qc2 {[%emt 0:00:16]} Raf8 {[%emt 0:00:32]} 23. Be2 {[%emt 0:00:22]} h5 {[%emt 0:00:39]} 24. f3 {[%emt 0:00:34]} h4 {[%emt 0:00:09]} 25. Nh1 {[%emt 0:00:01]} Nh5 {[%emt 0:00:17]} 26. Nf2 {[%emt 0:00:34]} Nf4 {[%emt 0:01:53]} 27. Nd3 {[%emt 0:00:43]} Bg5 {[%emt 0:00:43]} 28. Bxc5 {[%emt 0:00:19]} dxc5 {[%emt 0:00:07]} 29. Nxe5 {[%emt 0:00:10]} cxd5 {[%emt 0:01:54]} 30. Nd7 {[%emt 0:00:38]} Qd6 {[%emt 0:00:07]} 31. Nxf8 {[%emt 0:00:01]} d4 {[%emt 0:00:05]} 32. Bd3 Rxf8 {[%emt 0:00:45]} 33. e5 {[%emt 0:00:45]} Qxe5 {[%emt 0:00:07]} 34. Rbe1 {[%emt 0:00:01]} Qf6 {[%emt 0:00:08]} 35. Re4 {[%emt 0:00:04]} Nh5 {[%emt 0:00:34]} 36. f4 {[%emt 0:00:23]} Bxf4 {[%emt 0:00:12]} 37. Be2 {[%emt 0:00:36]} g5 {[%emt 0:00:51]} 38. Bxh5 {[%emt 0:00:10]} Be3+ {[%emt 0:00:00]} 39. Kh2 {[%emt 0:00:07]} Qxf1 {[%emt 0:00:02]} 40. Bf3 {[%emt 0:00:26]} Qg1+ {[%emt 0:00:41]} 41. Kh3 {[%emt 0:00:01]} Qh1+ {[%emt 0:00:01]} 42. Kg4 {[%emt 0:00:03]} Qh2 {[%emt 0:00:12]} 43. Re7 Qf4+ {[%emt 0:00:11]} 44. Kh5 {[%emt 0:00:06]} Rf7 {[%emt 0:00:00]} 45. Re8+ {[%emt 0:00:03]} Rf8 {[%emt 0:00:04]} 46. Re7 {[%emt 0:00:02]} Rf7 {[%emt 0:00:14]} 47. Re8+ {[%emt 0:00:01]} 1/2-1/2

[Event "GER-ch Rapid Women 2017"]
[Site "Erfurt"]
[Date "2017.07.29"]
[Round "2"]
[White "Rath, Alina"]
[Black "Hess, Olena"]
[Result "1-0"]
[WhiteElo "2035"]
[BlackElo "2094"]
[Annotator "NA"]
[PlyCount "111"]
[EventDate "2017.??.??"]
[EventType "swiss"]
[EventCountry "GER"]
[SourceTitle "playchess.com"]
[Source "ChessBase"]
[SourceQuality "1"]
[TimeControl "1200"]

1. c4 {[%emt 0:00:02]} c5 {[%emt 0:00:04]} 2. Nc3 {[%emt 0:00:02]} Nc6 {[%emt 0:00:08]} 3. g3 {[%emt 0:00:02]} g6 {[%emt 0:00:07]} 4. Bg2 {[%emt 0:00:03]} Bg7 {[%emt 0:00:02]} 5. e4 {[%emt 0:00:04]} d6 {[%emt 0:00:11]} 6. Nge2 {[%emt 0:00:03]} e6 {[%emt 0:00:10]} 7. O-O {[%emt 0:00:04]} Nge7 {[%emt 0:00:04]} 8. d3 {[%emt 0:00:04]} O-O {[%emt 0:00:09]} 9. Be3 {[%emt 0:00:06]} Nd4 {[%emt 0:00:22]} 10. Rb1 {[%emt 0:00:11]} Nec6 {[%emt 0:00:11]} 11. a3 {[%emt 0:00:16]} Rb8 {[%emt 0:00:55]} 12. b4 {[%emt 0:00:24]} b6 {[%emt 0:00:46]} 13. Qd2 {[%emt 0:00:35]} Bb7 {[%emt 0:01:14]} 14. h3 {[%emt 0:00:17]} Qc7 {[%emt 0:01:08]} 15. Bxd4 {[%emt 0:00:52]} cxd4 {[%emt 0:01:42]} 16. Nb5 {[%emt 0:00:30]} Qd7 {[%emt 0:00:50]} 17. a4 {[%emt 0:01:03]} a6 {[%emt 0:00:55]} 18. Na3 {[%emt 0:00:04]} a5 {[%emt 0:01:38]} 19. bxa5 {[%emt 0:01:36]} bxa5 {[%emt 0:00:02]} 20. Nb5 {[%emt 0:00:02]} e5 {[%emt 0:00:29]} 21. Nc1 {[%emt 0:00:27]} Ba6 {[%emt 0:00:44]} 22. Nb3 {[%emt 0:00:09]} Qd8 {[%emt 0:00:27]} 23. Rfc1 {[%emt 0:01:38]} Nb4 {[%emt 0:00:28]} 24. Nxa5 {[%emt 0:01:07]} Qxa5 {[%emt 0:00:41]} 25. Qxb4 {[%emt 0:00:04]} Qxb4 {[%emt 0:00:31]} 26. Rxb4 {[%emt 0:00:03]} Bxb5 {[%emt 0:01:30]} 27. Rxb5 {[%emt 0:01:05]} Bh6 {[%emt 0:00:24]} 28. Rcb1 {[%emt 0:00:07]} Ra8 {[%emt 0:00:04]} 29. a5 {[%emt 0:00:09]} Bd2 {[%emt 0:00:08]} 30. Rd5 {[%emt 0:01:12]} Ra6 {[%emt 0:00:17]} 31. Rb6 {[%emt 0:00:21]} Rxb6 {[%emt 0:01:10]} 32. axb6 {[%emt 0:00:02]} Bb4 {[%emt 0:00:03]} 33. Rb5 {[%emt 0:00:15]} Bc5 {[%emt 0:00:01]} 34. b7 {[%emt 0:00:02]} Rb8 {[%emt 0:00:05]} 35. h4 {[%emt 0:00:06]} Kf8 {[%emt 0:00:23]} 36. Bh3 {[%emt 0:00:03]} Ke7 {[%emt 0:00:00]} 37. Bc8 {[%emt 0:00:12]} Kd8 {[%emt 0:00:01]} 38. Kg2 {[%emt 0:00:15]} Kc7 {[%emt 0:00:01]} 39. f4 {[%emt 0:00:12]} f6 {[%emt 0:00:10]} 40. fxe5 {[%emt 0:00:03]} fxe5 {[%emt 0:00:06]} 41. Rb1 {[%emt 0:00:02]} Kd8 {[%emt 0:00:12]} 42. Rf1 {[%emt 0:00:04]} Ke7 {[%emt 0:00:01]} 43. Kh3 {[%emt 0:00:14]} Bb6 {[%emt 0:00:05]} 44. Ra1 {[%emt 0:00:07]} Bd8 {[%emt 0:00:05]} 45. Ra8 {[%emt 0:00:06]} Bc7 {[%emt 0:00:00]} 46. Kg4 {[%emt 0:00:12]} Kf6 {[%emt 0:00:01]} 47. Ra1 {[%emt 0:00:03]} Bd8 {[%emt 0:00:05]} 48. Rf1+ {[%emt 0:00:02]} Kg7 {[%emt 0:00:06]} 49. h5 {[%emt 0:00:06]} Be7 {[%emt 0:00:04]} 50. Rb1 {[%emt 0:00:14]} Bd8 {[%emt 0:00:02]} 51. Be6 {[%emt 0:00:02]} Be7 {[%emt 0:00:08]} 52. Bd5 {[%emt 0:00:03]} Bf6 {[%emt 0:00:09]} 53. Ra1 {[%emt 0:00:09]} Bd8 {[%emt 0:00:02]} 54. Rf1 {[%emt 0:00:02]} Bf6 {[%emt 0:00:02]} 55. h6+ {[%emt 0:00:03]} Kxh6 {[%emt 0:00:05]} 56. Rxf6 {[%emt 0:00:02]} 1-0

[Event "GER-ch Rapid Women 2017"]
[Site "Erfurt"]
[Date "2017.07.29"]
[Round "2"]
[White "Daemering, Katrin"]
[Black "Zahn, Alina"]
[Result "1-0"]
[WhiteElo "2033"]
[BlackElo "2025"]
[Annotator "NA"]
[PlyCount "111"]
[EventDate "2017.??.??"]
[EventType "swiss"]
[EventCountry "GER"]
[SourceTitle "playchess.com"]
[Source "ChessBase"]
[SourceQuality "1"]
[TimeControl "1200"]

1. e4 {[%emt 0:00:02]} e5 {[%emt 0:00:00]} 2. Nf3 {[%emt 0:00:01]} Nc6 {[%emt 0:00:01]} 3. Bb5 {[%emt 0:00:02]} g6 {[%emt 0:00:08]} 4. O-O {[%emt 0:00:05]} Bg7 {[%emt 0:00:03]} 5. c3 {[%emt 0:00:10]} Nge7 {[%emt 0:00:07]} 6. d4 {[%emt 0:00:09]} exd4 {[%emt 0:00:02]} 7. cxd4 {[%emt 0:00:02]} d5 {[%emt 0:00:03]} 8. exd5 {[%emt 0:00:40]} Nxd5 {[%emt 0:01:33]} 9. Bxc6+ {[%emt 0:01:08]} bxc6 {[%emt 0:00:03]} 10. Re1+ {[%emt 0:00:26]} Ne7 {[%emt 0:00:39]} 11. Qe2 {[%emt 0:01:00]} Be6 {[%emt 0:00:08]} 12. Ng5 {[%emt 0:00:23]} Qd7 {[%emt 0:03:46]} 13. Nxe6 {[%emt 0:00:45]} fxe6 {[%emt 0:00:02]} 14. Qxe6 {[%emt 0:02:23]} Qxe6 {[%emt 0:00:02]} 15. Rxe6 {[%emt 0:00:02]} Kf7 {[%emt 0:00:03]} 16. Re4 {[%emt 0:00:16]} Nf5 {[%emt 0:00:30]} 17. Bf4 {[%emt 0:02:56]} c5 {[%emt 0:02:11]} 18. Nd2 {[%emt 0:03:32]} cxd4 {[%emt 0:01:54]} 19. Bxc7 {[%emt 0:00:12]} Rac8 {[%emt 0:00:10]} 20. Ba5 {[%emt 0:01:50]} Rc2 {[%emt 0:00:11]} 21. Rae1 {[%emt 0:00:30]} Rhc8 {[%emt 0:01:15]} 22. g4 {[%emt 0:00:02]} Nh4 {[%emt 0:02:03]} 23. Re7+ {[%emt 0:00:02]} Kg8 {[%emt 0:00:08]} 24. Kf1 {[%emt 0:01:03]} Rc1 {[%emt 0:01:31]} 25. Rxa7 {[%emt 0:00:17]} d3 {[%emt 0:00:29]} 26. Rxg7+ {[%emt 0:00:43]} Kxg7 {[%emt 0:00:03]} 27. Bc3+ {[%emt 0:00:00]} Kf7 {[%emt 0:00:09]} 28. Rxc1 {[%emt 0:00:02]} Re8 {[%emt 0:00:06]} 29. f3 {[%emt 0:00:04]} Re2 {[%emt 0:00:04]} 30. Kg1 {[%emt 0:00:10]} Rg2+ {[%emt 0:00:18]} 31. Kh1 {[%emt 0:00:01]} Re2 {[%emt 0:00:03]} 32. a4 {[%emt 0:00:01]} Ke6 {[%emt 0:00:10]} 33. a5 {[%emt 0:00:01]} Kd5 {[%emt 0:00:06]} 34. a6 {[%emt 0:00:02]} Re8 {[%emt 0:00:03]} 35. a7 {[%emt 0:00:07]} g5 {[%emt 0:00:12]} 36. Ra1 {[%emt 0:00:02]} Ra8 {[%emt 0:00:03]} 37. Kg1 {[%emt 0:00:02]} Ng6 {[%emt 0:00:06]} 38. Ne4 {[%emt 0:00:01]} h6 {[%emt 0:00:04]} 39. Kf2 {[%emt 0:00:01]} Nf4 {[%emt 0:00:04]} 40. Ke3 {[%emt 0:00:02]} Kc6 {[%emt 0:00:04]} 41. Be5 {[%emt 0:00:03]} Kb7 {[%emt 0:00:08]} 42. Bb8 {[%emt 0:00:01]} Ne6 {[%emt 0:00:20]} 43. Kxd3 {[%emt 0:00:01]} Kc6 {[%emt 0:00:05]} 44. Nf6 {[%emt 0:00:01]} Nc5+ {[%emt 0:00:03]} 45. Kc4 {[%emt 0:00:02]} Ne6 {[%emt 0:00:08]} 46. b4 {[%emt 0:00:00]} Kb7 {[%emt 0:00:03]} 47. b5 {[%emt 0:00:01]} Nd8 {[%emt 0:00:06]} 48. Nd7 {[%emt 0:00:02]} Nf7 {[%emt 0:00:02]} 49. Kd5 {[%emt 0:00:02]} Kc8 {[%emt 0:00:02]} 50. Kc6 {[%emt 0:00:02]} Nd8+ {[%emt 0:00:03]} 51. Kd6 {[%emt 0:00:01]} Nf7+ {[%emt 0:00:00]} 52. Ke7 {[%emt 0:00:01]} Nh8 {[%emt 0:00:04]} 53. Nb6+ {[%emt 0:00:01]} Kb7 {[%emt 0:00:01]} 54. Nxa8 {[%emt 0:00:01]} Kxa8 {[%emt 0:00:01]} 55. Kf6 {[%emt 0:00:02]} Kb7 {[%emt 0:00:01]} 56. Kg7 {[%emt 0:00:01]} 1-0

[Event "GER-ch Rapid Women 2017"]
[Site "Erfurt"]
[Date "2017.07.29"]
[Round "2"]
[White "Zimmer, Elke"]
[Black "Bachmann, Sylvia"]
[Result "0-1"]
[WhiteElo "1950"]
[BlackElo "1677"]
[Annotator "NA"]
[PlyCount "91"]
[EventDate "2017.??.??"]
[EventType "swiss"]
[EventCountry "GER"]
[SourceTitle "playchess.com"]
[Source "ChessBase"]
[SourceQuality "1"]
[TimeControl "1200"]

1. e4 {[%emt 0:00:02]} e5 {[%emt 0:00:08]} 2. Nf3 {[%emt 0:00:02]} Nc6 {[%emt 0:00:01]} 3. Bc4 {[%emt 0:00:01]} Nf6 {[%emt 0:00:01]} 4. d3 {[%emt 0:00:01]} Be7 {[%emt 0:00:02]} 5. Nc3 {[%emt 0:00:07]} O-O {[%emt 0:00:02]} 6. h3 {[%emt 0:00:16]} h6 {[%emt 0:00:06]} 7. Be3 {[%emt 0:00:02]} d6 {[%emt 0:00:18]} 8. Nd5 {[%emt 0:00:09]} Be6 {[%emt 0:00:09]} 9. c3 {[%emt 0:00:06]} Qd7 {[%emt 0:00:39]} 10. Nxe7+ {[%emt 0:00:13]} Qxe7 {[%emt 0:00:11]} 11. Bb3 {[%emt 0:00:05]} d5 {[%emt 0:00:18]} 12. Bc2 {[%emt 0:00:25]} dxe4 {[%emt 0:00:11]} 13. dxe4 {[%emt 0:00:01]} Rfd8 {[%emt 0:00:43]} 14. Qe2 {[%emt 0:00:01]} Rd7 {[%emt 0:00:42]} 15. O-O Rad8 16. Ba4 {[%emt 0:00:22]} Nxe4 {[%emt 0:02:06]} 17. Bxc6 {[%emt 0:00:04]} bxc6 {[%emt 0:00:01]} 18. Nxe5 {[%emt 0:00:02]} Rd6 {[%emt 0:00:31]} 19. Qf3 {[%emt 0:00:32]} f5 {[%emt 0:01:25]} 20. Ng6 {[%emt 0:00:36]} Qf6 {[%emt 0:00:42]} 21. Nf4 {[%emt 0:00:01]} Bc4 {[%emt 0:00:27]} 22. Rfd1 {[%emt 0:00:32]} Ng5 {[%emt 0:00:17]} 23. Qh5 {[%emt 0:01:07]} Rxd1+ {[%emt 0:01:48]} 24. Rxd1 {[%emt 0:00:02]} Bxa2 {[%emt 0:00:34]} 25. Rxd8+ {[%emt 0:01:16]} Qxd8 {[%emt 0:00:03]} 26. Bd4 {[%emt 0:00:09]} Bf7 {[%emt 0:00:24]} 27. Qe2 {[%emt 0:00:09]} Ne4 {[%emt 0:00:15]} 28. Qc2 {[%emt 0:00:48]} Qg5 {[%emt 0:00:14]} 29. Be3 {[%emt 0:00:10]} Qf6 {[%emt 0:00:03]} 30. Bxa7 {[%emt 0:00:14]} Bd5 {[%emt 0:00:55]} 31. Qd3 {[%emt 0:01:02]} Qd6 {[%emt 0:00:13]} 32. Nxd5 {[%emt 0:01:57]} cxd5 {[%emt 0:00:22]} 33. Qd4 {[%emt 0:00:06]} c5 {[%emt 0:00:39]} 34. Qd1 {[%emt 0:00:02]} Nf6 {[%emt 0:00:41]} 35. Qb3 {[%emt 0:01:13]} Kh7 {[%emt 0:00:24]} 36. Qb5 {[%emt 0:01:25]} c4 {[%emt 0:00:37]} 37. Qb7 {[%emt 0:00:07]} Qe5 {[%emt 0:00:14]} 38. Bd4 {[%emt 0:00:06]} Qe1+ {[%emt 0:00:15]} 39. Kh2 {[%emt 0:00:02]} Qe6 {[%emt 0:00:04]} 40. f3 {[%emt 0:00:25]} Nh5 {[%emt 0:00:12]} 41. Qc7 {[%emt 0:00:41]} Qg6 {[%emt 0:00:44]} 42. Qe5 {[%emt 0:02:08]} f4 {[%emt 0:00:11]} 43. Bf2 {[%emt 0:00:00]} Ng3 {[%emt 0:00:16]} 44. Qxd5 {[%emt 0:00:48]} Nf1+ {[%emt 0:00:14]} 45. Kg1 {[%emt 0:00:00]} Qb1 {[%emt 0:00:07]} 46. Qe4+ {[%emt 0:00:01] Nd2+ [%clk 0:01:07]} 0-1

[Event "GER-ch Rapid Women 2017"]
[Site "Erfurt"]
[Date "2017.07.29"]
[Round "2"]
[White "Perez Celis, Alba"]
[Black "Mader, Lena"]
[Result "1-0"]
[WhiteElo "1790"]
[BlackElo "1880"]
[Annotator "NA"]
[PlyCount "73"]
[EventDate "2017.??.??"]
[EventType "swiss"]
[EventCountry "GER"]
[SourceTitle "playchess.com"]
[Source "ChessBase"]
[SourceQuality "1"]
[TimeControl "1200"]

1. e4 {[%emt 0:00:03]} c5 {[%emt 0:00:01]} 2. Ne2 {[%emt 0:00:04]} e6 {[%emt 0:00:04]} 3. Nbc3 {[%emt 0:00:03]} d5 {[%emt 0:00:13]} 4. exd5 {[%emt 0:00:04]} exd5 {[%emt 0:00:01]} 5. d4 {[%emt 0:00:02]} Nf6 {[%emt 0:00:24]} 6. Bg5 {[%emt 0:00:37]} Be7 {[%emt 0:00:19]} 7. dxc5 {[%emt 0:00:11]} O-O {[%emt 0:01:08]} 8. Qd2 {[%emt 0:03:49]} h6 {[%emt 0:04:06]} 9. Be3 {[%emt 0:00:32]} Na6 {[%emt 0:00:48]} 10. O-O-O {[%emt 0:00:42]} Be6 {[%emt 0:00:13]} 11. Nd4 {[%emt 0:04:29]} Nxc5 {[%emt 0:00:27]} 12. f3 {[%emt 0:00:31]} a6 {[%emt 0:01:25]} 13. g4 {[%emt 0:00:05]} Rc8 {[%emt 0:00:32]} 14. g5 {[%emt 0:00:11]} hxg5 {[%emt 0:00:49]} 15. Bxg5 {[%emt 0:00:27]} Nh7 {[%emt 0:00:36]} 16. Be3 {[%emt 0:00:58]} b5 {[%emt 0:01:13]} 17. Rg1 {[%emt 0:00:31]} Bf6 {[%emt 0:00:28]} 18. Qg2 {[%emt 0:01:44]} b4 {[%emt 0:01:40]} 19. Nxe6 {[%emt 0:00:24]} fxe6 {[%emt 0:00:38]} 20. Bxc5 {[%emt 0:00:51]} Rxc5 {[%emt 0:00:12]} 21. Na4 {[%emt 0:00:01]} Rc7 {[%emt 0:00:22]} 22. Bd3 {[%emt 0:00:04]} Ng5 {[%emt 0:00:50]} 23. f4 {[%emt 0:00:05]} Nh7 {[%emt 0:00:39]} 24. Qg6 {[%emt 0:00:03]} Qd7 {[%emt 0:00:58]} 25. Qxh7+ {[%emt 0:00:02]} Kf7 {[%emt 0:00:00]} 26. b3 {[%emt 0:00:19]} Rfc8 {[%emt 0:00:11]} 27. f5 {[%emt 0:00:07]} e5 {[%emt 0:00:16]} 28. Nb6 {[%emt 0:00:07]} Qc6 {[%emt 0:00:07]} 29. Nxc8 {[%emt 0:00:02]} e4 {[%emt 0:00:12]} 30. Qh5+ {[%emt 0:00:31]} Kf8 {[%emt 0:00:03]} 31. Nd6 {[%emt 0:00:31]} exd3 {[%emt 0:00:06]} 32. Qh8+ {[%emt 0:00:09]} Ke7 {[%emt 0:00:04]} 33. Rge1+ {[%emt 0:00:17]} Be5 {[%emt 0:00:05]} 34. Qxg7+ {[%emt 0:00:07]} Kxd6 {[%emt 0:00:01]} 35. Qxe5+ {[%emt 0:00:04]} Kc5 {[%emt 0:00:01]} 36. Rxd3 {[%emt 0:00:10]} Kb5 {[%emt 0:00:03]} 37. Rxd5+ {[%emt 0:00:04] Qxc2# [%clk 0:00:43]} 1-0

[Event "GER-ch Rapid Women 2017"]
[Site "Erfurt"]
[Date "2017.07.29"]
[Round "2"]
[White "Yueksel, Anja"]
[Black "Ganser, Ganokorn"]
[Result "0-1"]
[WhiteElo "1472"]
[BlackElo "1698"]
[Annotator "NA"]
[PlyCount "100"]
[EventDate "2017.??.??"]
[EventType "swiss"]
[EventCountry "GER"]
[SourceTitle "playchess.com"]
[Source "ChessBase"]
[SourceQuality "1"]
[TimeControl "1200"]

1. e4 {[%emt 0:00:01]} c5 {[%emt 0:00:01]} 2. Nf3 {[%emt 0:00:02]} d6 {[%emt 0:00:04]} 3. d4 {[%emt 0:00:02]} cxd4 {[%emt 0:00:05]} 4. Nxd4 {[%emt 0:00:02]} Nf6 {[%emt 0:00:03]} 5. Nc3 {[%emt 0:00:02]} a6 {[%emt 0:00:01]} 6. Be3 {[%emt 0:00:02]} e5 {[%emt 0:00:09]} 7. Nf3 {[%emt 0:01:14]} Be7 {[%emt 0:00:29]} 8. Be2 {[%emt 0:00:04]} O-O {[%emt 0:00:02]} 9. O-O {[%emt 0:00:58]} Nbd7 {[%emt 0:01:14]} 10. Nd5 {[%emt 0:00:34]} Nxd5 {[%emt 0:00:06]} 11. Qxd5 {[%emt 0:00:06]} Nf6 {[%emt 0:00:08]} 12. Qd2 {[%emt 0:00:19]} Nxe4 {[%emt 0:00:05]} 13. Qd3 {[%emt 0:00:26]} Nf6 {[%emt 0:00:43]} 14. c3 {[%emt 0:00:28]} e4 {[%emt 0:00:04]} 15. Qd4 {[%emt 0:00:45]} exf3 {[%emt 0:00:10]} 16. Bxf3 {[%emt 0:00:04]} Qa5 {[%emt 0:00:50]} 17. Rfd1 {[%emt 0:00:41]} Qe5 {[%emt 0:00:25]} 18. Qb6 {[%emt 0:00:35]} Bd8 {[%emt 0:01:58]} 19. Qb4 {[%emt 0:01:32]} Bc7 {[%emt 0:00:47]} 20. Bd4 {[%emt 0:01:30]} Qb5 {[%emt 0:00:45]} 21. Bxf6 {[%emt 0:01:21]} Qxb4 {[%emt 0:00:13]} 22. cxb4 {[%emt 0:00:01]} gxf6 {[%emt 0:00:01]} 23. Rac1 {[%emt 0:00:02]} Bb6 {[%emt 0:00:10]} 24. Rxd6 {[%emt 0:00:10]} Bd8 {[%emt 0:00:27]} 25. Rcd1 {[%emt 0:00:50]} Be7 {[%emt 0:00:01]} 26. R6d4 {[%emt 0:00:11]} Rb8 {[%emt 0:00:09]} 27. Re1 {[%emt 0:00:24]} Be6 {[%emt 0:00:03]} 28. b3 {[%emt 0:00:13]} Rfd8 {[%emt 0:00:47]} 29. Rh4 {[%emt 0:00:22]} Rd2 {[%emt 0:00:54]} 30. a3 {[%emt 0:00:25]} Rbd8 {[%emt 0:00:25]} 31. h3 {[%emt 0:00:11]} Rb2 {[%emt 0:00:19]} 32. Be4 {[%emt 0:00:48]} f5 {[%emt 0:00:14]} 33. Bxb7 {[%emt 0:00:22]} Bxh4 {[%emt 0:00:04]} 34. g3 {[%emt 0:00:19]} Bf6 {[%emt 0:00:18]} 35. Bxa6 {[%emt 0:00:24]} Rdd2 {[%emt 0:00:18]} 36. Rf1 {[%emt 0:00:26]} Bxb3 {[%emt 0:00:11]} 37. b5 {[%emt 0:00:11]} Bc4 {[%emt 0:00:05]} 38. Rc1 {[%emt 0:00:13]} Bxb5 {[%emt 0:00:08]} 39. Rc8+ {[%emt 0:00:16]} Kg7 {[%emt 0:00:04]} 40. Bxb5 {[%emt 0:00:35]} Rxb5 {[%emt 0:00:03]} 41. Rc1 {[%emt 0:00:34]} Ra2 {[%emt 0:00:05]} 42. h4 {[%emt 0:00:18]} Bd4 {[%emt 0:00:07]} 43. Rf1 {[%emt 0:00:13]} Rbb2 {[%emt 0:00:02]} 44. Kh2 {[%emt 0:00:25]} Rxf2+ {[%emt 0:00:03]} 45. Rxf2 {[%emt 0:00:03]} Rxf2+ {[%emt 0:00:11]} 46. Kh3 {[%emt 0:00:03]} Rf1 {[%emt 0:00:31]} 47. Kg2 {[%emt 0:00:04]} Rb1 {[%emt 0:00:06]} 48. a4 {[%emt 0:00:30]} Kf6 {[%emt 0:00:08]} 49. a5 {[%emt 0:00:05]} Ke5 {[%emt 0:00:09]} 50. a6 {[%emt 0:00:03]} Ke4 {[%emt 0:00:05] Kf1 [%clk 0:00:00] Kf3# [%clk 0:05:21] Ke1 [%clk 0:00:00]} 0-1

[Event "GER-ch Rapid Women 2017"]
[Site "Erfurt"]
[Date "2017.07.29"]
[Round "3"]
[White "Michna, Marta"]
[Black "Paehtz, Elisabeth"]
[Result "0-1"]
[WhiteElo "2377"]
[BlackElo "2486"]
[Annotator "TA"]
[PlyCount "137"]
[EventDate "2017.??.??"]
[EventType "swiss"]
[EventCountry "GER"]
[SourceTitle "playchess.com"]
[Source "ChessBase"]
[SourceQuality "1"]

{[%evp 11,137,30,28,19,26,-2,87,22,30,34,47,20,59,15,55,14,23,2,14,10,12,14,14,0,78,41,50,41,35,27,55,45,43,42,35,25,47,52,76,37,25,25,62,47,161,144,132,114,157,104,91,98,110,113,170,19,0,0,0,-31,42,27,69,20,235,37,162,82,68,35,205,204,333,166,170,16,244,243,237,180,173,88,117,0,0,0,0,0,0,0,0,0,0,0,0,0,0,0,0,0,0,0,0,0,0,0,0,-4,-7,-18,-25,-29,-6,-15,-20,-18,-8,-8,0,-5,-1,-4,0,-20,0,0,0,-68]} 1. d4 d5 2. Bf4 Bf5 3. e3 e6 4. Nf3 Nf6 5. Bd3 Bg6 6. O-O Nbd7 {LiveBook: 3 Games. D02: 1 d4 d5 2 Nf3 sidelines, including 2...Nf6 3 g3 and 2...Nf6 3 Bf4} 7. Qe2 (7. c4 c6 8. Nc3 Be7 9. h3 O-O 10. a3 a6 11. Bxg6 hxg6 12. Qd3 dxc4 13. Qxc4 c5 14. dxc5 Bxc5 15. Rfd1 Rc8 16. Qe2 Qe8 17. Ne5 Nxe5 18. Bxe5 {½-½ (31) Bu,X (2712)-Ding,L (2770) Zaozhuang 2015}) 7... Bd6 $146 ({Predecessor:} 7... c5 8. c3 a6 9. Nbd2 Rc8 10. Rfe1 Qb6 11. Rab1 Be7 12. h3 Nh5 13. Bh2 f5 14. Kh1 {1-0 (32) Gulatz,M (1770)-Detert,H (2065) Lieme 2005}) 8. Nbd2 Ne4 (8... Bxd3 $11 9. Qxd3 O-O) 9. Bxd6 (9. Bxe4 $1 $16 dxe4 10. Ng5) 9... cxd6 $11 10. c4 O-O 11. Rfc1 Qa5 12. a3 Qd8 13. g3 Ndf6 14. c5 dxc5 15. dxc5 Bh5 16. Qe1 Qe7 17. b4 a5 (17... e5 $11 {keeps the balance.}) 18. Nd4 Bg6 19. Be2 e5 20. Nb5 Rfd8 21. Nb3 axb4 22. axb4 h5 23. h4 Ne8 24. f3 N4f6 25. Rxa8 (25. Na7 {seems wilder.} Bf5 26. b5 Rdb8 27. Qc3 Bd7 28. Bf1) 25... Rxa8 26. Ra1 $36 {[%mdl 2048] Black is under pressure.} Rd8 27. Ra7 {c6! is the strong threat.} Rd7 (27... Qe6 $1 $14) 28. Bf1 $18 Bf5 29. Na5 g6 30. c6 (30. Qa1 $142) 30... bxc6 $16 31. Nxc6 Qe6 {[#]} 32. Ra6 $1 Nd6 (32... Nc7 $16 {was necessary.} 33. Nxc7 Rxc7) 33. Nb8 $2 (33. Nxd6 $18 Rxd6 34. b5) 33... Rd8 $11 34. Rb6 (34. Qc1 $5 {[%cal Rc1c7]} Nfe8 35. Qc5 $14) 34... Nfe8 35. Na7 Qe7 (35... Kg7 $15) 36. Nbc6 $1 $14 {[%csl LRd8,LRe7]} Qc7 37. Ra6 Rd7 $2 (37... Ra8 $11 {and Black has nothing to worry.}) 38. b5 $2 ({White should play} 38. Nxe5 $18 {And now Nac6 would win.} Nc4 39. Nxd7 Bxd7 40. b5) 38... Nb7 (38... Nc4 $14) 39. b6 (39. Qc1 $18) 39... Qd6 $16 40. Qb4 {Threatens to win with g4.} Qxb4 $2 ({Black should try} 40... Qf6 $1 $14) 41. Nxb4 $18 d4 (41... Ned6 $142 42. Nxd5 Kg7) 42. exd4 (42. e4 $142) 42... exd4 43. Bd3 $2 ({Better is} 43. Nac6 $18) 43... Be6 $2 (43... Ned6 $11 {and Black stays safe.}) 44. Nac6 Ned6 45. Ra8+ ({Resist} 45. Nxd4 $6 Bc4 $16) 45... Kg7 46. Nxd4 (46. Ra7 $18) 46... Bc4 $16 {[#] aiming for ...Bxd3.} 47. Bxc4 (47. Bc2 $1 $16) 47... Nxc4 $11 48. Nbc6 Nxb6 49. Ra7 Nc4 50. Kf2 Ncd6 51. Ne5 Rc7 52. Nec6 Rc8 53. Ra1 Re8 54. Re1 Ra8 55. Re2 Ra3 56. Re7 Nc5 57. Re3 Ra2+ 58. Kg1 Rd2 59. Nb3 Rd1+ 60. Kg2 Nf5 61. Rc3 Nd3 (61... Na4 $5 {[%cal Ra4c3]} 62. Rc1 Rd5 $15) 62. Ncd4 {The position is equal.} Ne3+ 63. Kh2 Nd5 64. Rc2 Ne1 65. Rf2 Rd3 66. Rf1 Re3 (66... Nc2 $5 67. Nxc2 Rxb3 $15) 67. Rf2 Nc3 68. Nc5 Re5 69. Rf1 {Precision: White = 37%, Black = 41%.} (69. Ncb3 $11) 0-1